| 000 | 00698nam a2200205 a 4500 | ||
|---|---|---|---|
| 001 | 000006464 | ||
| 005 | 20200929153931.0 | ||
| 008 | 090831s1999 dr a 001 0 spa d | ||
| 040 |
_aDO-SdBNP _bspa _cBNPHU |
||
| 082 |
_axxxx _bG643h |
||
| 100 | 1 |
_aGonzález Tapia, Carlisle _917929 |
|
| 245 | 1 | 3 |
_aEspañol dominicano : _bel habla campesina dominicana (aspecto fonético) / _cCarlisle González Tapia. |
| 260 |
_aSanto Domingo : _bUniversidad Autónoma de Santo Domingo, _c1999. |
||
| 300 |
_a399 p. : _bil. ; _c21 cm. |
||
| 490 | 1 |
_aLinguistica y Sociedad _v16 |
|
| 500 | _aIncluye índice | ||
| 504 | _aBibliografía : p. 390-399 | ||
| 830 | 0 |
_aLinguistica y Sociedad _n16 _917930 |
|
| 049 | _aBNPD | ||
| 999 |
_c6257 _d6257 |
||